|
|
|
|
| LEADER |
00000nam0a2200000 4500 |
| 001 |
185753 |
| 005 |
20231101223934.0 |
| 035 |
|
|
|a (RuTPU)RU\TPU\book\201528
|
| 090 |
|
|
|a 185753
|
| 100 |
|
|
|a 20101014d1987 k y0rusy50 ca
|
| 101 |
0 |
|
|a rus
|
| 102 |
|
|
|a RU
|
| 105 |
|
|
|a a z 001zy
|
| 200 |
1 |
|
|a Габбро-ультрабазитовые комплексы офиолитов Урала и их аналоги в современной океанической коре
|f Г. Н. Савельева
|g Академия наук СССР (АН СССР), Геологический институт (ГИН)
|
| 210 |
|
|
|a Москва
|c Наука
|d 1987
|
| 215 |
|
|
|a 246 с.
|c ил.
|
| 225 |
1 |
|
|a Труды ГИН (Геологического института АН СССР)
|v Вып. 404
|
| 320 |
|
|
|a Библиогр.: с. 191-205.
|
| 606 |
1 |
|
|a Офиолиты
|x Петрография
|2 stltpush
|3 (RuTPU)RU\TPU\subj\47864
|9 66773
|
| 610 |
1 |
|
|a гиббро-ультрабазитовые разрезы
|
| 610 |
1 |
|
|a Урал
|
| 610 |
1 |
|
|a офиолиты
|
| 610 |
1 |
|
|a Альпы
|
| 610 |
1 |
|
|a Апеннины
|
| 610 |
1 |
|
|a Тетис
|
| 610 |
1 |
|
|a сопоставление
|
| 610 |
1 |
|
|a океаны
|
| 610 |
1 |
|
|a породы
|
| 610 |
1 |
|
|a пластическое течение
|
| 610 |
1 |
|
|a дифференциация
|
| 610 |
1 |
|
|a верхняя мантия
|
| 610 |
1 |
|
|a высокотемпературная деформация
|
| 610 |
1 |
|
|a ультраосновные породы
|
| 610 |
1 |
|
|a мантийные породы
|
| 610 |
1 |
|
|a структурно-вещественная эволюция
|
| 675 |
|
|
|a 552.32
|v 3
|
| 700 |
|
1 |
|a Савельева
|b Г. Н.
|g Галина Николаевна
|
| 712 |
0 |
2 |
|a Академия наук СССР (АН СССР)
|b Геологический институт (ГИН)
|c (Москва)
|2 stltpush
|3 (RuTPU)RU\TPU\col\11354
|
| 801 |
|
1 |
|a RU
|b 63413507
|c 20101014
|
| 801 |
|
2 |
|a RU
|b 63413507
|c 20151112
|g RCR
|
| 942 |
|
|
|c BK
|